[Event "Let's Play Chess!"]
[Site "http://www.queenalice.com/game.php?id=212894"]
[Date "2007.5.18"]
[Round "-"]
[White "morphy1095"]
[Black "CampbellMarcel"]
[Result "1/2-1/2"]
[WhiteElo "1367"]
[BlackElo "1912"]

1. e4 c5 2. Nf3 a6 3. Nc3 e6 4. d3 b5 5. b3 b4 6. Na4 d6 7. Bg5 f6 8. Bh4 Be7 9.
Be2 Bd7 10. O-O g5 11. Bg3 e5 12. c4 Bxa4 13. bxa4 Nc6 14. a3 Qb6 15. Qb3 Nd4
16. Nxd4 exd4 17. axb4 Qxb4 18. Qxb4 cxb4 19. Rfb1 a5 20. Bh5+ Kd7 21. Rb2 Nh6
22. f4 Rhf8 23. Rf1 gxf4 24. Bxf4 Nf7 25. Bg4+ Kc7 26. Be6 Ne5 27. Bxe5 dxe5 28.
Bd5 Rab8 29. Rc1 Kb6 30. g3 h5 31. Kg2 Rbc8 32. Kf3 f5 33. Be6 fxe4+ 34. Kxe4
Rc5 35. Bd5 1/2-1/2

[Event "Let's Play Chess!"]
[Site "http://www.queenalice.com/game.php?id=213728"]
[Date "2007.5.20"]
[Round "-"]
[White "MAUAXADREZ"]
[Black "morphy1095"]
[Result "1-0"]
[WhiteElo "1491"]
[BlackElo "1367"]

1. e4 c5 2. Nf3 e6 3. d4 Nc6 4. dxc5 Bxc5 5. Bb5 Qa5+ 6. Nc3 a6 7. Bxc6 dxc6 8.
Ne5 Bxf2+ 9. Kxf2 Qxe5 10. Qf3 Nf6 11. g3 Qd4+ 12. Kg2 O-O 13. Ne2 Qd6 14. Rf1
Qb4 15. c3 Qc5 16. Be3 Qb5 17. Rab1 Nxe4 18. Bh6 Nf6 19. Nf4 Rd8 20. Nh5 Qxh5
21. Bxg7 Kxg7 22. Qxf6+ Kg8 23. Qxd8+ Kg7 24. Qf6+ Kg8 25. Rbd1 Qe2+ 26. Rf2
Qe4+ 27. Kg1 b5 28. Qxf7+ 1-0

[Event "Let's Play Chess!"]
[Site "http://www.queenalice.com/game.php?id=213729"]
[Date "2007.5.20"]
[Round "-"]
[White "morphy1095"]
[Black "MAUAXADREZ"]
[Result "0-1"]
[WhiteElo "1398"]
[BlackElo "1100"]

1. d4 d5 2. Nc3 Nf6 3. Bg5 h6 4. Bh4 g5 5. Bg3 Bf5 6. Nf3 Nc6 7. h3 Ne4 8. Nxe4
Bxe4 9. e3 Qd7 10. Nd2 Nb4 11. a3 Nxc2+ 0-1

[Event "Challenge"]
[Site "http://www.queenalice.com/game.php?id=215910"]
[Date "2007.5.24"]
[Round "-"]
[White "morphy1095"]
[Black "Pollyanna"]
[Result "1-0"]
[WhiteElo "1478"]
[BlackElo "1330"]

1. d4 Nc6 2. c4 g5 3. Bxg5 h6 4. Bf4 Bg7 5. e3 Bf8 6. Nc3 b6 7. Nf3 Ba6 8. c5
bxc5 9. Bxa6 Nb8 10. Bc4 Nc6 11. Qb3 e6 12. Nb5 a6 13. Nxc7+ Ke7 14. Nxa8 Qxa8
15. O-O f5 16. Ne5 Bg7 17. Nxc6+ Qxc6 18. Rac1 1-0

[Event "jogar agora"]
[Site "http://www.queenalice.com/game.php?id=227224"]
[Date "2007.6.18"]
[Round "-"]
[White "morphy1095"]
[Black "hwk"]
[Result "1-0"]
[WhiteElo "1505"]
[BlackElo "707"]

1. d4 d5 2. e3 e6 3. c4 dxc4 4. Bxc4 Bb4+ 5. Bd2 Nf6 6. Bxb4 a6 7. Nc3 b6 8. Nf3
Bd7 9. O-O c5 10. Ba3 O-O 11. dxc5 bxc5 12. Bxc5 Nc6 13. Bxf8 Kxf8 14. Qd6+ Kg8
15. Rfd1 Qa5 16. a3 Rf8 17. b4 Be8 18. bxa5 Nxa5 19. Qxa6 Ng4 20. Qxa5 Bc6 21.
Rd8 Bd5 22. Bxd5 Nf6 23. Rxf8+ Kxf8 24. Qd8+ Ne8 25. Bc6 g6 26. Qxe8+ Kg7 27.
Ne4 f5 28. Qe7+ Kh6 29. Qf8+ Kh5 30. Nf6# 1-0

[Event "Let's Play Chess!"]
[Site "http://www.queenalice.com/game.php?id=227225"]
[Date "2007.6.19"]
[Round "-"]
[White "morphy1095"]
[Black "walbert"]
[Result "1-0"]
[WhiteElo "1488"]
[BlackElo "1514"]

1. d4 d5 2. e3 Nf6 3. c4 e6 4. Nf3 c6 5. cxd5 Qxd5 6. Nc3 Qf5 7. Bd3 Qg4 8. Be2
Qxg2 9. Rg1 Qh3 10. Bf1 Qf5 11. Rg5 Qxg5 12. Nxg5 h6 13. Nge4 Bb4 14. Bd2 Bxc3
15. Nxc3 O-O 16. Bd3 Na6 17. Bxa6 bxa6 18. Qa4 Bd7 19. Qxa6 Rfb8 20. b3 Rb6 21.
Qd3 a5 22. Ne4 Nxe4 23. Qxe4 f5 24. Qg2 Be8 25. O-O-O Bh5 26. Rg1 g6 27. Kb2 Rd8
28. Bxa5 1-0

[Event "Let's Play Chess!"]
[Site "http://www.queenalice.com/game.php?id=227226"]
[Date "2007.6.19"]
[Round "-"]
[White "meringue7"]
[Black "morphy1095"]
[Result "1-0"]
[WhiteElo "1414"]
[BlackElo "1457"]

1. e4 c5 2. Nf3 e6 3. Nc3 f5 4. d3 Nc6 5. Be2 Nf6 6. O-O Bd6 7. Bg5 O-O 8. Nb5
Be7 9. Bxf6 Bxf6 10. Nd6 Be7 11. e5 Nxe5 12. Nxe5 Bxd6 13. Nc4 Bc7 14. c3 b5 15.
Ne3 Bd6 16. d4 c4 17. Bf3 Bf4 18. Bxa8 Ba6 19. Bf3 Qc7 20. g3 Bg5 21. h4 Bxe3
22. fxe3 Qxg3+ 23. Bg2 Bb7 24. Qe2 Bxg2 25. Qxg2 Qxe3+ 26. Rf2 f4 27. Qf3 Qxf3
28. Rxf3 Rf6 29. Raf1 Rg6+ 30. Kh2 1-0

[Event "Let's Play Chess!"]
[Site "http://www.queenalice.com/game.php?id=227227"]
[Date "2007.6.18"]
[Round "-"]
[White "morphy1095"]
[Black "magusp"]
[Result "1-0"]
[WhiteElo "1421"]
[BlackElo "1502"]

1. c4 e5 2. b4 Bxb4 3. e3 Nf6 4. Nf3 d5 5. Be2 Nc6 6. O-O d4 7. Qa4 O-O 8. d3 e4
9. dxe4 Nxe4 10. Nxd4 Nxd4 11. exd4 Nc3 12. Qxb4 Nxe2+ 13. Kh1 Nxc1 14. Rxc1
Qxd4 15. Nd2 Qxf2 16. Rf1 Qb6 17. Qxb6 axb6 18. Ne4 Ra4 19. Rac1 Rxa2 20. Rf3 f6
21. Rg3 Re8 22. Nxf6+ Kf7 23. Nxh7 Kg8 24. Nf6+ 1-0

[Event "Let's Play Chess!"]
[Site "http://www.queenalice.com/game.php?id=227496"]
[Date "2007.6.19"]
[Round "-"]
[White "morphy1095"]
[Black "socramc"]
[Result "1-0"]
[WhiteElo "1490"]
[BlackElo "1467"]

1. e4 e5 2. Nf3 d6 3. Nc3 Bg4 4. Be2 Bxf3 5. Bxf3 Nf6 6. O-O Nc6 7. d3 h6 8. Be3
Be7 9. Re1 O-O 10. a3 Nd7 11. b4 Bg5 12. Nd5 Nf6 13. Bxg5 hxg5 14. Nxf6+ Qxf6
15. Re3 Nd4 16. c3 Nb5 17. Qb3 a6 18. a4 Na7 19. Bh5 Nc6 20. Rf3 Qe7 21. g3 g6
22. Bxg6 Kg7 23. Bh5 Rae8 24. Kh1 Qe6 25. Qc2 Qh6 26. g4 Re6 27. Kg2 Rf6 28.
Rxf6 Qxf6 29. Re1 Qf4 30. h3 1-0

[Event "Challenge"]
[Site "http://www.queenalice.com/game.php?id=244940"]
[Date "2007.7.24"]
[Round "-"]
[White "morphy1095"]
[Black "rafaelbdb"]
[Result "0-1"]
[WhiteElo "1505"]
[BlackElo "1299"]

1. d4 d5 2. e3 Nc6 3. c4 Nf6 4. Nc3 Be6 5. Nf3 g6 6. b3 Bg7 7. Bb2 O-O 8. Bd3
Bg4 9. h3 Bxf3 10. Qxf3 e5 11. Nxd5 e4 12. Nxf6+ Qxf6 13. Qxf6 Bxf6 14. Bxe4 Nb4
15. Ba3 a5 16. Bxb4 axb4 17. Bxb7 Rad8 18. O-O-O c5 19. d5 Rd7 20. Bc6 Rd6 21.
Rd3 Rfd8 22. f4 Bc3 23. h4 h5 0-1

[Event "Challenge"]
[Site "http://www.queenalice.com/game.php?id=245910"]
[Date "2007.7.26"]
[Round "-"]
[White "morphy1095"]
[Black "lesangesleader"]
[Result "0-1"]
[WhiteElo "1507"]
[BlackElo "1486"]

1. d4 d5 2. e3 Nf6 3. c4 e6 4. cxd5 exd5 5. Bb5+ c6 6. Ba4 Be6 7. Nc3 Nbd7 8.
Nf3 Be7 9. O-O O-O 10. Bd2 a6 11. a3 b5 12. Bb3 c5 13. Nxd5 Bxd5 14. Bxd5 Nxd5
15. dxc5 Bxc5 16. b4 Be7 17. Nd4 Rc8 18. Qb3 Nb8 19. Rfc1 Qd7 20. Rc2 Rxc2 21.
Nxc2 Bf6 22. Rd1 Qb7 23. Bc1 Rd8 24. e4 Nb6 25. Rxd8+ Bxd8 26. f3 Nc4 27. Bf4
Bb6+ 28. Kf1 Qd7 29. Ke1 Nc6 30. Qc3 Bd4 31. Nxd4 Qxd4 32. Qxd4 Nxd4 33. Kd1
Nxa3 34. Be3 Nc6 35. Bc1 Nc4 0-1

[Event "AUTO-INT-396"]
[Site "http://www.queenalice.com/game.php?id=297372"]
[Date "2007.11.3"]
[Round "2"]
[White "Pegasus"]
[Black "morphy1095"]
[Result "1-0"]
[WhiteElo "1646"]
[BlackElo "1513"]

1. d4 d5 2. c4 Nf6 3. Bg5 Nbd7 4. Nc3 e6 5. cxd5 exd5 6. Nxd5 Be7 7. Nxe7 Qxe7
8. Nf3 h6 9. Bh4 g5 10. Bg3 O-O 11. h3 Ne4 12. Bxc7 Ndf6 13. Ba5 b6 14. Bc3 Rd8
15. e3 Bf5 16. Qb3 Be6 17. Qc2 Rac8 18. Bd3 Nxc3 19. bxc3 Qa3 20. c4 b5 21. O-O
Rc7 22. Ne5 a6 23. c5 Nd5 24. Qe2 Nc3 25. Qd2 b4 26. c6 f6 27. Ng6 Kg7 28. f4
Rxc6 29. f5 Bc8 30. Be2 Ne4 31. Qd3 Re8 32. Qxa3 bxa3 33. Bf3 Bxf5 34. Ne5 fxe5
35. d5 Rc2 36. Bd1 Rd2 37. Rxf5 Ng3 38. Rf3 Ne4 39. Ba4 Rc8 40. Rb1 Rc7 41. Bb3
Nc3 42. Rbf1 Ne2+ 43. Kh2 e4 44. R3f2 g4 45. hxg4 Kg6 46. Rf6+ Kg5 47. d6 Rg7
48. R1f5+ Kxg4 49. Be6 h5 50. Rd5+ 1-0

[Event "AUTO-INT-396"]
[Site "http://www.queenalice.com/game.php?id=297373"]
[Date "2007.11.3"]
[Round "2"]
[White "morphy1095"]
[Black "Pegasus"]
[Result "1-0"]
[WhiteElo "1490"]
[BlackElo "1669"]

1. c4 e6 2. d4 d5 3. c5 Nc6 4. e3 Be7 5. Bd3 Nf6 6. Ne2 O-O 7. O-O b6 8. b3 bxc5
9. Bb2 cxd4 10. exd4 Bb7 11. Nbc3 a6 12. Qc2 Nb4 13. Qd2 Nxd3 14. Qxd3 Qd6 15.
a4 Rab8 16. Nc1 Rfc8 17. Re1 Qb4 18. Kf1 Qd6 19. g3 Ng4 20. Kg2 c5 21. h3 c4 22.
Qf3 Nh6 23. N1e2 cxb3 24. Ba3 Qd7 25. Nc1 Bxa3 26. Rxa3 b2 27. N1a2 Ba8 28. Nb1
f6 29. Re2 Nf5 30. Qd3 Nd6 31. Qxa6 Bb7 32. Qd3 Nc4 33. Rb3 Ba6 34. Qf3 Qxa4 35.
Rxe6 Rxb3 36. Qxd5 Bb7 37. Re8# 1-0

[Event "Além Paraíba, MG"]
[Site "http://www.queenalice.com/game.php?id=339300"]
[Date "2008.1.19"]
[Round "-"]
[White "frankcasadio"]
[Black "morphy1095"]
[Result "1-0"]
[WhiteElo "1838"]
[BlackElo "1502"]

1. e4 c5 2. Bc4 e6 3. Nc3 Nf6 4. d4 d5 5. exd5 Nxd5 6. Nxd5 exd5 7. Bb5+ Bd7 8.
Qe2+ Be7 9. dxc5 Qa5+ 10. Bd2 Qxb5 11. Qxb5 Bxb5 12. b4 Nc6 13. O-O-O O-O 14.
Bc3 Bg5+ 15. Kb2 Bc4 16. Nh3 Bh6 17. g4 Rfe8 18. g5 Bxg5 19. Nxg5 Re2 20. Nh3 d4
21. Bxd4 Nxd4 22. Rxd4 Be6 23. Rhd1 Bxh3 24. Rd8+ 1-0

[Event "Challenge"]
[Site "http://www.queenalice.com/game.php?id=345506"]
[Date "2008.1.30"]
[Round "-"]
[White "morphy1095"]
[Black "koutouzov"]
[Result "1-0"]
[WhiteElo "1485"]
[BlackElo "1934"]

1. d4 d5 2. e3 e6 3. Nf3 Nc6 4. Bb5 Bd7 5. Nc3 Nf6 6. b3 Bb4 7. Bb2 Ne4 8. Qd3
O-O 9. O-O Qe7 10. a3 Bd6 11. Nxe4 f5 12. Nxd6 Qxd6 13. b4 a6 14. Bxc6 Bxc6 15.
Ne5 Rf6 16. Rac1 Rh6 17. h3 f4 18. exf4 Rf8 19. Qe3 Rh4 20. Nd3 Bb5 21. Rcd1
Bxd3 22. Rxd3 Rhxf4 23. g3 Re4 24. Qg5 Re2 25. Qh5 Rxc2 26. Ba1 Qc6 27. Qg5 Re2
28. Rc3 Qd7 29. h4 Rf5 30. Qg4 Qf7 31. Qxe2 1-0

[Event "AUTO-INT-396"]
[Site "http://www.queenalice.com/game.php?id=350361"]
[Date "2008.2.7"]
[Round "3"]
[White "FPM"]
[Black "morphy1095"]
[Result "1-0"]
[WhiteElo "1921"]
[BlackElo "1499"]

1. e4 c5 2. Bb5 Nf6 3. Qf3 a6 4. e5 axb5 5. exf6 gxf6 6. d3 d6 7. Bd2 Nc6 8. Qh5
h6 9. Ne2 Be6 10. Nf4 Qd7 11. O-O Rg8 12. Nxe6 Qxe6 13. Nc3 Nd4 14. Rac1 b4 15.
Rfe1 Qd7 16. Nd5 Rxa2 17. Nxf6+ Kd8 18. Nxd7 Kxd7 19. c3 bxc3 20. Bxc3 Nb3 21.
Rcd1 f6 22. Qf7 Rg5 23. Qxf8 h5 24. Rxe7+ Kc6 25. Qc8+ Kd5 26. Qxb7# 1-0

[Event "AUTO-INT-396"]
[Site "http://www.queenalice.com/game.php?id=350362"]
[Date "2008.2.7"]
[Round "3"]
[White "morphy1095"]
[Black "FPM"]
[Result "0-1"]
[WhiteElo "1497"]
[BlackElo "1891"]

1. d4 d5 2. e3 Bf5 3. Nf3 e6 4. Bb5+ c6 5. Ba4 b5 6. Bb3 a5 7. a3 c5 8. O-O c4
9. Ba2 b4 10. b3 c3 11. a4 Nf6 12. Ne5 Bd6 13. f4 Nbd7 14. Qf3 Bxc2 15. Rf2 Be4
16. Qe2 Ng8 17. h3 Ne7 18. Qb5 Rb8 19. Qe2 Nxe5 20. fxe5 Bc7 21. Qh5 Ng6 22. Bd2
cxd2 23. Nxd2 Bd3 24. Rd1 Bb6 25. Nf3 Be4 26. Ng5 Rb7 27. Rdf1 Rf8 28. Rxf7
Rbxf7 29. Rxf7 Rxf7 30. Nxf7 Kxf7 31. Qxh7 Qg5 32. h4 Qxe3+ 33. Kh1 Qg3 0-1

[Event "AUTO-INT-396"]
[Site "http://www.queenalice.com/game.php?id=350363"]
[Date "2008.2.7"]
[Round "3"]
[White "Pegasus"]
[Black "morphy1095"]
[Result "1-0"]
[WhiteElo "1657"]
[BlackElo "1495"]

1. d4 d5 2. c4 e6 3. Nc3 Nf6 4. Bg5 Nc6 5. Nf3 h6 6. Bh4 g5 7. Bg3 Bb4 8. a3 Ba5
9. b4 Nxb4 10. axb4 Bxb4 11. Qa4+ Bd7 12. Qxb4 b6 13. Nb5 a5 14. Nxc7+ Qxc7 15.
Qa3 Qxc4 16. e3 Ne4 17. Bxc4 Nxg3 18. fxg3 dxc4 19. O-O 1-0

[Event "AUTO-INT-396"]
[Site "http://www.queenalice.com/game.php?id=350364"]
[Date "2008.2.7"]
[Round "3"]
[White "morphy1095"]
[Black "Pegasus"]
[Result "0-1"]
[WhiteElo "1515"]
[BlackElo "1741"]

1. d4 Nf6 2. c4 e6 3. e3 d5 4. Nf3 Nc6 5. c5 b6 6. Qa4 Bb7 7. Ne5 b5 8. Qc2 a6
9. Nxc6 Bxc6 10. Nd2 Be7 11. Be2 O-O 12. Nf3 a5 13. Ne5 Bd7 14. O-O c6 15. Bd2
Ne4 16. Bd3 f6 17. Ng4 f5 18. Ne5 Bf6 19. Nxd7 Qxd7 20. f3 Nxd2 21. Qxd2 Rfe8
22. b4 a4 23. a3 Bg5 24. f4 Bh6 25. Qf2 g6 26. Qh4 Bg7 27. g4 fxg4 28. Qxg4 Rf8
29. Rf2 Qf7 30. h4 Kh8 31. Kg2 Bf6 32. Rh1 Rg8 33. Kf3 h5 34. Qg3 Rg7 35. Rg2
Rag8 36. Rhg1 g5 37. hxg5 Bxg5 38. Kf2 h4 39. Qg4 Bf6 40. Kf3 Rxg4 41. Rxg4 Qh5
42. Bg6 Rxg6 0-1